01655nas a2200313 i 4500003000900000005001700009007000300026008004100029022001400070040003000084041000800114110010500122245018200227246001300409264014100422300007000563310001700633336002700650337003400677338002800711362002600739500006400765520023600829650006301065650007001128700004801198700003801246710005701284DO-SdBNP20260212145524.0ta260212e2019 dr |||p|r||||||0| | spa d a2676-0541 aDO-SdBNPbspacBNPHUerda aspa1 aUniversidad Autónoma de Santo DomingobEscuela de Crítica e Historia del ArtebFacultad de Artes aRevista artelia : bdentro del arte / cUniversidad Autónoma de Santo Domingo ; auspiciado: Banco Popular Dominicano. editor: Fernando Cabrera, director: Danilo De los Santos. aArtelia. aSanto Domingo, República Dominicana : bUniversidad Autónoma de Santo Domingo. bBanco Popular Dominicano.bAmigo del Hogar, c2019. avolumen : bilustraciones, fotografías, pintura ; c29 x 22 cm. aDesconocida. atextobtxt2rdacontent asin mediación bn2rdamedia avolumenbnc2rdacarrier aAño 1. No. 1, 2019. aCatalogación basada en el número: Año 1. No. 1, 2019. aNos lavamos la cara, el cerebro a instancia de este proyecto; pero jamás la memoria, porque s imposible enjabonar la caverna residual que reposa en el cuerpo como pertenencia, y que Jung alguna vez llamó inconsciente colectivo. 0aArtesvPublicaciones periódicas zRepública Dominicana 0aExposicionesvPublicaciones periódicas zRepública Dominicana1 aSantos, Danilo de los,d1943-2018edirector aCabrera, Fernando,d1964-eeditor aBanco Popular de la República Dominicanaeauspicio